True Island Countries of the World - Statistics

General Stats
  • This quiz has been taken 59 times
    10 since last reset
  • The average score is 31 of 40
Answers on the Map
Answers color-coded by a green-red scale on the quiz's map according to % correct below.
 
Answer Stats
Continent Country % Correct
North America Bahamas
100%
Africa Cape Verde
100%
Africa Comoros
100%
Asia Japan
100%
North America Saint Kitts and Nevis
100%
North America Saint Lucia
100%
North America Saint Vincent and the Grenadines
100%
North America Antigua and Barbuda
88%
North America Cuba
88%
North America Grenada
88%
North America Jamaica
88%
Asia Maldives
88%
Africa Mauritius
88%
Africa Seychelles
88%
North America Barbados
75%
North America Dominica
75%
Oceania Fiji
75%
Africa Madagascar
75%
Oceania Marshall Islands
75%
Oceania Nauru
75%
Oceania New Zealand
75%
Oceania Palau
75%
Oceania Samoa
75%
Africa São Tomé and Príncipe
75%
Oceania Solomon Islands
75%
Asia Taiwan
75%
Oceania Tonga
75%
North America Trinidad and Tobago
75%
Oceania Tuvalu
75%
Oceania Vanuatu
75%
Oceania Australia
63%
Europe Cyprus
63%
Oceania Federated States of Micronesia
63%
Europe Iceland
63%
Oceania Kiribati
63%
Europe Malta
63%
Asia Philippines
63%
Asia Sri Lanka
63%
Asia Bahrain
38%
Asia Singapore
13%
No matching quizzes found
Score Distribution
Percent of People with Each Score
Percentile by Number Answered
Your Score History
You have not taken this quiz since the last reset